000 00315nam a2200133 i 4500
001 bg
100 1 _aREITMAN, Julian
245 0 _aComputer Simulation Applications /
_cJulian Reitman.
260 _aNew York,
_c1971.
040 _cBPK
041 _apol
942 _cKS
008 s pl f |000 0 pol
999 _c15060
_d15060
856 _uhttp://koha.tu.koszalin.pl/cgi-bin/koha/opac-detail.pl?biblionumber=15060
_yKatalog online BPK